| 000 | 01078nac a22002651i 4500 | ||
|---|---|---|---|
| 003 | EG-ScBUE | ||
| 005 | 20231210101439.0 | ||
| 008 | 121211s2005 ua a f 000 0bara d | ||
| 040 |
_aEG-ScBUE _bara _erda _cEG-ScBUE _dEG-ScBUE |
||
| 043 | _aa-sy--- | ||
| 082 | 0 | 4 |
_a956.9104092 _bي و ن _222 |
| 100 | 1 |
_aيونس، عبد اللطيف، _eمؤلف. _931630 |
|
| 245 | 1 | 0 |
_aثورة الشيخ صالح العلي / _cد. عبد اللطيف اليونس. |
| 260 | _c2005. | ||
| 264 | 1 |
_aدمشق : _bمنشورات وزارة الثقافة، _c2005. |
|
| 300 |
_a214 صفحة ؛ _bإيضاحيات ؛ _c24 سم |
||
| 336 |
_2rdacontent _aنص _btxt |
||
| 337 |
_aبدون وسيط _2rdamedia _bn |
||
| 338 |
_aمجلد _bnc _2rdacarrier |
||
| 600 | 1 | 7 |
_aالعلي، صالح، _d1822-1950 م.، _2BUEsh _931631 |
| 651 | 7 |
_2BUEsh _aسوريا _xتاريخ _yالعصر الحديث _vتراجم. |
|
| 651 | 7 |
_2BUEsh _aسوريا _xتاريخ _yالعصر الحديث _yالاحتلال الفرنسي 1920-1946م. |
|
| 655 | _vReading book | ||
| 942 |
_cBB _2ddc |
||
| 999 |
_c6742 _d6742 |
||